| 000 | 00637nam a2200229 a 4500 | ||
|---|---|---|---|
| 001 | 67852 | ||
| 003 | BD-RjUL | ||
| 005 | 20211209081711.0 | ||
| 008 | 170329s1955 enka 001 0 eng d | ||
| 035 | _a(BD-RjUL) 68061 | ||
| 040 |
_aDLC/ICU _cICU _dBD-RjUL _beng |
||
| 041 | _aeng | ||
| 082 | 0 | 0 |
_a530.15 _223 _bPAP 1955 |
| 100 | 1 |
_aPage, Chester Hall. _9201150 |
|
| 245 | 1 | 0 |
_aPhysical mathematics / _cChester Hall Page |
| 260 |
_aPrinceton, N.J. : _bVan Nostrand, _c1955 |
||
| 300 |
_ax, 329 p. : _bill. ; _c24 cm. |
||
| 500 | _aIncludes Index. | ||
| 650 | 0 |
_aMathematical physics. _9201151 |
|
| 942 |
_2ddc _cBK |
||
| 999 |
_c67852 _d67852 |
||